| 000 | 00836nas a2200289 4500 | ||
|---|---|---|---|
| 001 | BR0203418 | ||
| 003 | BR-BrBNA | ||
| 005 | 20231205103106.0 | ||
| 007 | ta | ||
| 008 | 230509b bl.|||p| |||| 00| 00por d | ||
| 040 |
_aBR-BrBNA _bpor _cBiblioteca Nacional de Agricultura |
||
| 041 | _a(Pt) | ||
| 072 | _aF03; J10 | ||
| 100 | 1 | _aAlmeida, F. de A.C. | |
| 100 | 1 | _aGouveia, J.P.G. de | |
| 100 | 1 | _aSilva, J.E. da | |
| 100 | 1 | _aVillamil, J.M.P. | |
| 100 | 1 | _aSilva, M.M. da | |
| 245 | 1 | _aSecagem natural e artificial de vagens de algaroba | |
| 650 | _aALGAROBA | ||
| 650 | _aVAGEM | ||
| 650 | _aSECAGEM | ||
| 650 | _aSECAGEM ARTIFICIAL | ||
| 773 | 0 |
_tRevista Brasileira de Armazenamento (Brazil) _xISSN 0100-3518 _g(2002), v. 27(1) p. 48-57 _wBR0203418 |
|
| 909 |
_a202311 _bLúcia _c55 _dLúcia Elande |
||
| 942 |
_2AGRIS _n0 _cANA |
||
| 999 |
_c171025 _d171025 |
||